000 00394cam a22001097a 4500
008 180718b1949 xxu||||| |||| 00| 0 eng d
082 _aR2203x5451 H995
245 _aTranslation: The Hyderabad payment of wages regulation of 1351 Fasli
_cby Commerce and Indutries and Department
260 _a
_bGovernment Press
_c1949
300 _a15p
700 _aHyderabad. Commerce and Indutries and Department
999 _c419410
_d419410